00169nam a22000857a 4500082001100000100001200011245002500023260002700048300000800075 a512VIG aViglino aIntermediate algebra aNew YorkbMacmanc1981 a622